Guess the Sports ball by Picture - Statistics

General Stats
  • This quiz has been taken 29 times
  • The average score is 10 of 12
Answer Stats
Picture Answer % Correct
Basketball
100%
bowling
100%
Golf
100%
Tennis
100%
Volleyball
100%
Baseball
96%
Football
92%
Rugby
88%
Soccer
88%
Water Polo
88%
Cricket
60%
Lacrosse
36%
No matching quizzes found
Score Distribution
Percent of People with Each Score
Percentile by Number Answered
Your Score History
You have not taken this quiz